| 000 | 00805nas a2200253 4500 | ||
|---|---|---|---|
| 001 | BR7906113 | ||
| 003 | BR-BrBNA | ||
| 005 | 20231205083946.0 | ||
| 007 | ta | ||
| 008 | 230509b bl.|||p| |||| 00| 00por d | ||
| 040 |
_aBR-BrBNA _bpor _cBiblioteca Nacional de Agricultura |
||
| 041 | _a(Pt) | ||
| 072 | _aE50; E15 | ||
| 110 | 1 |
_aSecretaria de Estado do Planejamento, Curitiba, PR (Brasil) _98932 |
|
| 245 | 1 | _aEspacos urbanos e rurais [Migracao rural; Propriedade rural; Parana; Brasil] | |
| 650 | _aSociologia rural | ||
| 650 | _aMicroeconomia | ||
| 650 | _aMigracao rural | ||
| 650 | _aPropriedade rural | ||
| 650 | _aPARANÁ | ||
| 773 | 0 |
_tReferencia em Planejamento (Brazil) _x _g(Jul 1979), v. 3(11) p. 64-67 _wBR7906113 |
|
| 909 |
_a202311 _bLúcia _c55 _dLúcia Elande |
||
| 942 |
_2AGRIS _n0 _cANA |
||
| 999 |
_c102251 _d102251 |
||